[Event "GER-ch U10"]
[Site "Oberhof"]
[Date "2010.05.23"]
[Round "1"]
[White "Tong, Kevin"]
[Black "Mehsin, Yazan"]
[Result "0-1"]
[WhiteElo "1117"]
[BlackElo "1473"]
[PlyCount "110"]
[EventDate "2010.05.22"]
[EventType "swiss"]
[EventRounds "11"]
[EventCountry "GER"]
[SourceTitle "CBM 136 Extra"]
[Source "ChessBase"]
[SourceDate "2010.07.02"]
[SourceVersion "2"]
[SourceVersionDate "2010.07.15"]
[SourceQuality "1"]

1. e4 e5 2. Nf3 Nf6 3. Nxe5 d6 4. Nf3 Nxe4 5. d4 d5 6. Bd3 Bg4 7. h3 Bh5 8. 0-0 Be7 9. c4 Nf6 10. Nc3 Nc6 11. Be3 0-0 12. c5 Bxf3 13. Qxf3 Bxc5 14. dxc5 d4 15. Bg5 dxc3 16. Rad1 Nd4 17. Qg3 Ne4 18. Bxd8 Nxg3 19. fxg3 Raxd8 20. bxc3 Ne6 21. c6 Nc5 22. Bc2 bxc6 23. Rfe1 Ne6 24. Ba4 c5 25. h4 h5 26. Kf2 Kh7 27. Rxd8 Rxd8 28. Bb3 Rd6 29. Bc2+ g6 30. Kf3 Kh6 31. g4 hxg4+ 32. Kxg4 Rd2 33. Bb3 Rxg2+ 34. Kf3 Rh2 35. Bxe6 fxe6 36. Rxe6 Rxh4 37. Rc6 Rh3+ 38. Kg4 Rxc3 39. Rxc7 Ra3 40. Rxc5 Rxa2 41. Rc4 a5 42. Rc7 a4 43. Ra7 a3 44. Ra4 Ra1 45. Kf3 g5 46. Kg2 Kh5 47. Kf2 g4 48. Kg2 Kh4 49. Kh2 Ra2+ 50. Kg1 Kh3 51. Kf1 g3 52. Ke1 g2 53. Rf4 g1Q+ 54. Rf1 Qe3+ 55. Kd1 Qd2# 0-1

[Event "GER-ch U10"]
[Site "Willingen"]
[Date "2009.06.02"]
[Round "5"]
[White "Lagunow, Raphael"]
[Black "Mehsin, Yazan"]
[Result "1-0"]
[WhiteElo "1683"]
[BlackElo "1180"]
[PlyCount "59"]
[EventDate "2009.05.30"]
[EventType "swiss"]
[EventRounds "11"]
[EventCountry "GER"]
[SourceTitle "EXT 2010"]
[Source "ChessBase"]
[SourceDate "2010.11.25"]
[SourceVersion "1"]
[SourceVersionDate "2010.11.25"]
[SourceQuality "1"]

1. e4 e5 2. Nf3 Nf6 3. Nxe5 d6 4. Nf3 Nxe4 5. Nc3 d5 6. Qe2 Qe7 7. Nxd5 Qd6 8. Qxe4+ Be6 9. Bc4 Nd7 10. 0-0 0-0-0 11. d4 Qc6 12. Bb3 Kb8 13. Nc3 Qd6 14. Bf4 Qe7 15. Rfe1 Nf6 16. Qe2 Nh5 17. Bg5 Nf6 18. d5 h6 19. Bxf6 Qxf6 20. dxe6 Re8 21. Ne4 Qxb2 22. Rab1 Qe5 23. Nxe5 fxe6 24. Qb5 Bd6 25. Bd5 b6 26. Qa6 c6 27. Bxc6 Re7 28. Rxb6+ axb6 29. Qxb6+ Kc8 30. Nxd6# 1-0